00357nam a22001217a 4500082001800000100001800018245006500036260003300101300001000134650003000144650003700174650002400211 aPKP K333 P192 aPanday, M.K.  aAnalytical reasoning bMagical book series cby M.K. Panday  aDelhibBSC Publicaion c2018 a872p. aPersonnel administrative  aTest and standards of selection  aWritten examination